|
|
|
|
| LEADER |
00000cam a2200000 7i4500 |
| 001 |
0000001410 |
| 002 |
000001550 |
| 005 |
20021108.0 |
| 020 |
|
|
|a 1555253024
|
| 090 |
0 |
0 |
|a 153.42
|b SCH
|
| 100 |
1 |
|
|a Schuller, Robert H.
|
| 245 |
1 |
0 |
|a Possibility thinking [
|h sound recording] :
|b what great thing would you attempt... if you knew you could not fail
|c Dr. Robert H. Schuller
|
| 260 |
|
|
|a Illinois :
|b Nightingale-Conant Audio ,
|c 19--
|
| 300 |
|
|
|a 1 sound cassette [90 minutes]
|
| 650 |
0 |
0 |
|a Thought and thinking
|
| 999 |
|
|
|a 00016
|b KASET
|c KOLEKSI AUDIO VIDEO
|e PERPUSTAKAAN KOMUNITI PETALING JAYA
|